Astronomy Quiz #1 - Statistics

General Stats
  • This quiz has been taken 156 times
  • The average score is 5 of 10
Answer Stats
Hint Answer % Correct
Largest Moon In The Solar System Ganymede
81%
3rd Largest Single Object In The Solar System Saturn
81%
Largest Object In The Asteroid Belt Ceres
70%
Largest Moon Of Pluto Charon
64%
The Area Of Space And Rocks Past Neptune Kuiper Belt
57%
What Is The Name Of The Gap Between The Earth And The Sun Astronomical Unit
42%
The Only Non-Spherical Dwarf Planet In The Solar System Haumea
34%
The Name Of The Galaxy Group That The Milky Way Is In The Local Group
31%
What Special Feature Does The Answer Above Have Rings
25%
The Furthest Orbiting "Micro-Planet" Leleākūhonua
0%
No matching quizzes found
Score Distribution
Percent of People with Each Score
Percentile by Number Answered
Your Score History
You have not taken this quiz